Caricamento...
Comprehensive polymer scinece: vol.3; chain polymerisation
| Natura: | Printed Book |
|---|---|
| Pubblicazione: |
Oxford
Pergamon Press
1989
|
| Edizione: | 1st ed. |
| Soggetti: |
| LEADER | 00526cam a2200169ua 4500 | ||
|---|---|---|---|
| 020 | |a 0-08-036207-9 | ||
| 082 | |a 547.7 |b COM.3 | ||
| 245 | 0 | 0 | |a Comprehensive polymer scinece: vol.3; chain polymerisation |
| 250 | |a 1st ed. | ||
| 260 | |a Oxford |b Pergamon Press |c 1989 | ||
| 300 | |a xix, 897p. | ||
| 500 | |a Includes index. | ||
| 650 | |a Polymers and polymerisations | ||
| 650 | 0 | |a Polymers | |
| 942 | |c REF | ||
| 999 | |c 507 |d 507 | ||
| 952 | |0 0 |1 0 |4 0 |6 547_700000000000000_COM_3 |7 0 |9 542 |a KUCL |b KUCL |d 2014-05-23 |l 0 |o 547.7 COM.3 |p 03608 |r 2017-03-04 |y REF | ||